Sports Quiz

Random Sports or Football Quiz

Top 100 NFL St. Louis Cardinal players Quiz Stats

 Plays Quiz not verified by Sporcle

Support Sporcle.
Go Orange.
Score 0/100 Timer 15:00
0 Plays Today
Answer % Correct
Jim Hart
93.9%
Larry Wilson
87.9%
Jackie Smith
87.9%
Dan Dierdorf
81.8%
Neil Lomax
81.8%
Taz Anderson
78.8%
Ottis 'O.J.' Anderson
75.8%
Leonard Smith
75.8%
Donny Anderson
75.8%
JT Smith
72.7%
Lance Smith
72.7%
Roy Green
66.7%
Mel Gray
66.7%
Charley Johnson
66.7%
Conrad Dobler
66.7%
Roger Wehrli
57.6%
Ken Gray
57.6%
Terry Metcalf
57.6%
Pat Tilley
57.6%
Jim Bakken
54.5%
EJ Junior
54.5%
Jim Otis
51.5%
Tom Banks
48.5%
Stump Mitchell
48.5%
Bob Young
48.5%
Eric Williams
48.5%
Johnny Roland
45.5%
Dave Williams
45.5%
John David Crow
42.4%
Bobby Joe Conrad
39.4%
JV Cain
39.4%
Ahmad Rashad
39.4%
Luis Sharpe
36.4%
Norm Thompson
33.3%
Answer % Correct
Joe Robb
33.3%
Mark Arneson
33.3%
Wayne Morris
33.3%
Vai Sikahema
33.3%
Curtis Greer
30.3%
Larry Stallings
30.3%
Bob Rowe
30.3%
Macarthur Lane
30.3%
Bubba Baker
30.3%
Roger Finnie
30.3%
Doug Marsh
30.3%
Sonny Randle
27.3%
Ernie McMillan
27.3%
Pat Fischer
27.3%
David Galloway
27.3%
Ike Harris
27.3%
Tom Brahaney
27.3%
Charlie Baker
27.3%
Charlie Davis
27.3%
Freddie Joe Nunn
24.2%
Jimmy Hill
24.2%
Lionel Washington
24.2%
Earl Ferrell
24.2%
Carl Allen
24.2%
Irv Goode
21.2%
Bob Reynolds
21.2%
Ron Yankowski
21.2%
Tootie Robbins
21.2%
Ken Greene
21.2%
Earl Thomas
21.2%
Bob Demarco
18.2%
Jerry Stovall
18.2%
Benny Perrin
18.2%
Lee Nelson
18.2%
Answer % Correct
Bob Pollard
18.2%
Willis Crenshaw
18.2%
Chuck Walker
15.2%
Joe Bostic
15.2%
Willard Harrell
15.2%
Terry Stieve
15.2%
Rob Awalt
15.2%
Prentice Gautt
15.2%
Niko Noga
15.2%
Randy Clark
15.2%
Dale Meinert
12.1%
Don Brumm
12.1%
Ron Wolfley
12.1%
Ken Stone
12.1%
Tim Kearney
12.1%
Luike Owens
12.1%
Don Owens
12.1%
Billy Gambrell
12.1%
Carl Birdson
12.1%
John Gilliam
9.1%
Bill Koman
9.1%
Mike Dawson
9.1%
Chuck Latourette
9.1%
Jamie Rivers
9.1%
Mal Hammack
6.1%
Miller Farr
6.1%
Joe Childress
6.1%
Ken Reaves
6.1%
Jerry Norton
3%
Sam Silas
3%
Jimmy Burson
3%
Billy Stacey
0%

You're not logged in!

Compare scores with friends on all Sporcle quizzes.
OR
Log In

From the Vault

Opening Day Lineups: Pirates

by johnmadden

We look back on the last 20 years: Pirates Edition.
Remove Ads.
Support Sporcle.
Get the best of Sporcle when you Go Orange. This ad-free experience offers more features, more stats, and more fun while also helping to support Sporcle. Thank you for becoming a member.

Show Comments

Extras

Top Quizzes Today


Score Distribution

Your Account Isn't Verified!

In order to create a playlist on Sporcle, you need to verify the email address you used during registration. Go to your Sporcle Settings to finish the process.

Report this User

Report this user for behavior that violates our Community Guidelines.

Details: